[Event "GER-ch U12"]
[Site "Winterberg"]
[Date "2002.05.21"]
[Round "6"]
[White "Rath, Oliver"]
[Black "Lips, Christian"]
[Result "0-1"]
[WhiteElo "1227"]
[BlackElo "1340"]
[PlyCount "124"]
[EventDate "2002.05.19"]
[EventType "swiss"]
[EventRounds "11"]
[EventCountry "GER"]
[SourceTitle "CBM 088 Extra"]
[Source "ChessBase"]
[SourceDate "2002.07.01"]
[SourceVersion "2"]
[SourceVersionDate "2002.07.01"]
[SourceQuality "1"]

1. d4 d5 2. Bg5 Nf6 3. e3 h6 4. Bh4 Bg4 5. Be2 Bxe2 6. Nxe2 e6 7. Nd2 Be7 8. a3 Nc6 9. Nf3 0-0 10. 0-0 Qd6 11. Bg3 Qd7 12. Ne5 Nxe5 13. Bxe5 Ne4 14. Rb1 Bd6 15. Bf4 Bxf4 16. Nxf4 c5 17. Nh5 cxd4 18. Qxd4 f6 19. Qd3 Qf7 20. Nf4 Nc5 21. Qd4 b6 22. Nh3 Rac8 23. Qg4 Ne4 24. Rfc1 Rc7 25. Nf4 Ng5 26. h4 f5 27. Qg3 Ne4 28. Qg6 Qxg6 29. Nxg6 Rfc8 30. Ne5 Nd2 31. Ra1 Nb3 32. c3 Nxa1 33. Rxa1 Rf8 34. f4 Kh7 35. h5 a5 36. a4 Rb8 37. Ng6 b5 38. axb5 Rxb5 39. Nf8+ Kg8 40. Nxe6 Re7 41. Nd4 Rxb2 42. Rxa5 Rxe3 43. Nxf5 Rxc3 44. Rxd5 Rc1+ 45. Kh2 Rf1 46. Ne7+ Kf7 47. Ng6 Rff2 48. Nh4 Rxf4 49. Rd7+ Ke8 50. Rxg7 Rxh4+ 51. Kg3 Rxh5 52. Rh7 Rg5+ 53. Kf4 Rg6 54. Rh8+ Kf7 55. Rh7+ Kf6 56. Rh8 Rbxg2 57. Rf8+ Kg7 58. Ra8 Rf6+ 59. Ke4 h5 60. Ra4 Kg6 61. Ra1 h4 62. Rh1 Kg5 0-1

[Event "GER-ch U12"]
[Site "Winterberg"]
[Date "2002.05.20"]
[Round "4"]
[White "Lorenz, Nicole"]
[Black "Lips, Christian"]
[Result "0-1"]
[WhiteElo "1219"]
[BlackElo "1340"]
[PlyCount "84"]
[EventDate "2002.05.19"]
[EventType "swiss"]
[EventRounds "11"]
[EventCountry "GER"]
[SourceTitle "CBM 088 Extra"]
[Source "ChessBase"]
[SourceDate "2002.07.01"]
[SourceVersion "2"]
[SourceVersionDate "2002.07.01"]
[SourceQuality "1"]

1. d4 d5 2. c4 e6 3. Nf3 Nf6 4. Bg5 Be7 5. Nc3 c6 6. e3 Nbd7 7. Bd3 0-0 8. 0-0 h6 9. Bh4 a6 10. a4 Qb6 11. Qc2 Re8 12. Rab1 Qc7 13. b4 dxc4 14. Bxc4 b5 15. Ba2 Bb7 16. a5 Bd6 17. e4 e5 18. Qb3 Rf8 19. h3 exd4 20. Nxd4 c5 21. bxc5 Nxc5 22. Qb2 Nfxe4 23. Nf5 Nxc3 24. Qxc3 Be5 25. Qb4 Be4 26. Ne7+ Kh8 27. Nd5 Qd6 28. Be7 Qc6 29. Nb6 Bxg2 30. Rfd1 Bxh3 31. Bd5 Qg6+ 32. Kh1 Rfd8 33. Rg1 Qd3 34. Rbd1 Qf5 35. Qxc5 Qf4 36. Rg2 Bxg2+ 37. Kxg2 Qg4+ 38. Kf1 Qxd1+ 39. Kg2 Rab8 40. Bxd8 Rxd8 41. Bxf7 Qg4+ 42. Kh1 Rd1# 0-1

[Event "GER-ch U12"]
[Site "Winterberg"]
[Date "2002.??.??"]
[Round "1"]
[White "Lips, Christian"]
[Black "Mandery, Markus"]
[Result "0-1"]
[WhiteElo "1340"]
[BlackElo "1712"]
[PlyCount "76"]
[EventDate "2002.05.19"]
[EventType "swiss"]
[EventRounds "11"]
[EventCountry "GER"]
[SourceTitle "CBM 088 Extra"]
[Source "ChessBase"]
[SourceDate "2002.07.01"]
[SourceVersion "2"]
[SourceVersionDate "2002.07.01"]
[SourceQuality "1"]

1. e4 e6 2. Nf3 d5 3. exd5 exd5 4. d4 Bd6 5. Bd3 Bg4 6. h3 Bh5 7. 0-0 Ne7 8. Bg5 f6 9. Bd2 Nd7 10. Nc3 c6 11. Re1 Qc7 12. g3 Bxg3 13. Qe2 Bd6 14. Bf4 Nf8 15. Bxd6 Qxd6 16. Kg2 Bxf3+ 17. Kxf3 Kf7 18. Kg2 Ne6 19. Qe3 Ng6 20. Bxg6+ hxg6 21. Ne2 g5 22. Rh1 Rh4 23. Rad1 Re8 24. Qg3 Qd8 25. c3 f5 26. a3 f4 27. Qf3 g6 28. Rb1 Ng7 29. Qd3 Nf5 30. Qf3 Kg7 31. b4 Nd6 32. Qd3 Nc4 33. Rb3 b5 34. Kf3 Qe7 35. Nc1 Nd2+ 36. Kg2 f3+ 37. Kg1 Qe1+ 38. Kh2 Qxf2# 0-1